| 000 | 00702cam a22002293a 4500 | ||
|---|---|---|---|
| 001 | 41357 | ||
| 003 | PGUSA | ||
| 005 | 20140828083930.0 | ||
| 008 | 121112s2012||||xxu|||||s|||||000 | eng d | ||
| 040 |
_aPGUSA _beng |
||
| 042 | _adc | ||
| 100 | 1 |
_aBalfour, Francis Maitland, _d1851-1882 |
|
| 245 | 1 | 4 |
_aThe Works of Francis Maitland Balfour, Volume 1 : _bSeparate Memoirs _h[electronic resource] / _cFrancis Maitland Balfour |
| 260 |
_bProject Gutenberg, _c2012 |
||
| 506 | _aPublic domain in the USA. | ||
| 516 | _aElectronic text | ||
| 700 | 1 | _aFoster, Michael | |
| 700 | 1 | _aSedgwick, Adam | |
| 830 | 0 |
_aProject Gutenberg _v41357 |
|
| 856 | 4 | 0 | _uhttp://www.gutenberg.org/ebooks/41357 |
| 942 | _cEB | ||
| 999 |
_c270609 _d270609 |
||